书目信息 |
| 题名: |
塑料农膜与生态环境保护
|
|
| 作者: | 杨惠娣 编 | |
| 分册: | ||
| 出版信息: | 北京 化学工业出版社 2000 |
|
| 页数: | 154 | |
| 开本: | 19cm | |
| 丛书名: | 农用化学品与生态环境保护丛书 | |
| 单 册: | ||
| 中图分类: | X71 | |
| 科图分类: | ||
| 主题词: | 农业废物 , 农业废物--废物处理 , 农业废物--废物综合利用 | |
| 电子资源: | ||
| ISBN: | 7-5025-2706-0 | |
| 000 | 00701nam0 2200229 450 | |
| 001 | 0754114953 | |
| 005 | 20070929150154.95 | |
| 010 | @a7-5025-2706-0 | |
| 100 | @a20070929d km y0chiy0120 ea | |
| 101 | 0 | @achi |
| 200 | 1 | @a塑料农膜与生态环境保护@Asu liao nong mo yu sheng tai huan jing bao hu@f杨惠娣 编@Fyang hui di bian |
| 210 | @a北京@c化学工业出版社@d2000 | |
| 215 | @a154@c插图@d19cm | |
| 225 | 2 | @a农用化学品与生态环境保护丛书 |
| 410 | 0 | @12001 @a农用化学品与生态环境保护丛书 |
| 606 | 0 | @a农业废物 |
| 606 | 0 | @a农业废物@x废物处理 |
| 606 | 0 | @a农业废物@x废物综合利用 |
| 690 | @aX71@v3 | |
| 701 | 0 | @a杨惠娣@Ayang hui di@4编 |
| 801 | 0 | @aCN@bPFT@c20070929 |
| 905 | @a213230@dX71@eh13@f1 | |
| 塑料农膜与生态环境保护/杨惠娣 编.-北京:化学工业出版社,2000 |
| 154:插图;19cm.-(农用化学品与生态环境保护丛书) |
| ISBN 7-5025-2706-0: |
| ● |
| 相关链接 |
|
|
|
|
正题名:塑料农膜与生态环境保护
索取号:X71/h13
 
预约/预借
| 序号 | 登录号 | 条形码 | 馆藏地/架位号 | 状态 | 备注 |
| 1 | 6000943 | 260009430 | 密集书库-化学系/ [索取号:X71/h13] | 在馆 |